=LDR 00000nam 2200000 4500 =001 INLIS000000000004960 =005 20251002082249 =035 ##$$a 0010-1025000015 =007 ta =008 251002###########################0#ind## =082 ##$$a 304.66 =084 ##$$a 304.66 BAD m =245 1#$$a Materi Ceramah para ahli tentang alih kelola program keluarga berencana /$c Badan Koordinasi Keluarga Berencana Nasional =260 ##$$a Jakarta :$b BKKBN,$c 1985 =300 ##$$a 66 hal : $b - ; $c 21 cm =110 #$$a Badan Koordinasi Keluarga Berencana Nasional198